[Event "It (open)"]
[Site "masterchessopen.com - Haarlem (Netherlands)"]
[Round "5"]
[White "Kohler Aran (NED)"]
[Black "Horvath Tamas I (HUN)"]
[Result "1-0"]
[WhiteElo "2320"]
[BlackElo "2318"]

1.d4 c5 2.d5 g6 3.c4 Bg7 4.Nc3 Nf6 5.Nf3 d6 6.g3 O-O 7.Bg2 e6 8.O-O exd5
9.cxd5 Nbd7 10.h3 Re8 11.Bf4 Nb6 12.Re1 Bf5 13.Bg5 Qd7 14.Kh2 Ne4 15.Nxe4 Bxe4
16.Qd2 Nc4 17.Qf4 Nxb2 18.Bf6 Bxd5 19.Bxg7 Kxg7 20.Qd2 Bc6 21.Qxb2+ f6 22.Rac1
b6 23.Nd2 Bxg2 24.Kxg2 Re6 25.e3 b5 26.Rb1 a6 27.a4 Rb8 28.e4 Qc6 29.Qa2 Rbe8
30.axb5 axb5 31.Re3 c4 32.Qa7+ R8e7 33.Qd4 Re5 34.Nf3 Rc5 35.Ne1 Rce5 36.f3
Kf7 37.Nc2 h5 38.h4 g5 39.hxg5 fxg5 40.Nb4 Qc5 41.Qxc5 dxc5 42.Nc6 b4 43.Nxe5+
Rxe5 44.f4 gxf4 45.gxf4 Re7 46.Kf3 c3 47.e5 Rb7 48.Rxc3 {#r} 1-0

[Event "It (cat.10)"]
[Site "masterchessopen.com - Schoeneck (Germany)"]
[Round "8"]
[White "Kachiani-G Ketino (GER)"]
[Black "Womacka Mathias (GER)"]
[Result "0-1"]
[WhiteElo "2415"]
[BlackElo "2465"]

1.d4 Nf6 2.c4 e6 3.g3 c5 4.d5 exd5 5.cxd5 d6 6.Nc3 g6 7.Nf3 Bg7 8.Bg2 O-O
9.O-O Nbd7 10.Bf4 Qe7 11.h3 a6 12.a4 Nh5 13.Bg5 f6 14.Bd2 f5 15.Qc1 Rb8 16.Rb1
Nhf6 17.b4 cxb4 18.Rxb4 Nc5 19.Bh6 Bd7 20.a5 Rbe8 21.Bxg7 Kxg7 22.Qb2 h6
23.Nd2 Kh7 24.Nc4 Bc8 25.Rb6 Nfd7 26.Nxd6 Nxb6 27.Nxe8 Na8 28.d6 Qxe8 29.Qb4
Qe5 30.Rd1 Be6 31.d7 Rd8 32.Na4 Rxd7 33.Rxd7+ Nxd7 34.Qe7+ Kg8 35.Qe8+ Nf8
36.Bxb7 Nc7 37.Qb8 Qxa5 {#R} 0-1

[Event "Ch Lithuania"]
[Site "masterchessopen.com - Vilnius (Lithuania)"]
[Round "7"]
[White "Mickevicius Juras (LTU)"]
[Black "Piesina Gintautas (LTU)"]
[Result "1-0"]
[WhiteElo "2342"]
[BlackElo "2385"]

1.d4 Nf6 2.c4 e6 3.Nf3 c5 4.d5 exd5 5.cxd5 d6 6.Nc3 g6 7.g3 Bg7 8.Bg2 O-O
9.O-O Nbd7 10.Re1 a6 11.a4 Rb8 12.e4 Ng4 13.Qc2 b5 14.axb5 axb5 15.h3 Nge5
16.Nxe5 Nxe5 17.f4 Nc4 18.Nxb5 Rxb5 19.Qxc4 Rb4 20.Qc2 Bd4+ 21.Kh2 Qb6 22.Ra4
Bd7 23.Rxb4 cxb4 24.Qb3 Rc8 25.Bd2 Bb5 26.e5 Bc5 27.e6 f5 28.g4 Bf2 29.Rc1
Rxc1 30.Bxc1 Bg1+ 31.Kh1 Qf2 32.Qd1 {#r} 1-0

[Event "Ch Yugoslavia"]
[Site "masterchessopen.com - Belgrade (Yugoslavia)"]
[Round "7"]
[White "Ilincic Zlatko (SRB)"]
[Black "Velimirovic Dragoljub (SRB)"]
[Result "0-1"]
[WhiteElo "2570"]
[BlackElo "2535"]

1.d4 Nf6 2.c4 c5 3.d5 g6 4.Nc3 Bg7 5.Nf3 O-O 6.g3 d6 7.Bg2 e6 8.O-O exd5
9.cxd5 Nbd7 10.Nd2 Nh5 11.a4 f5 12.a5 f4 13.Nb5 Ne5 14.Ne4 fxg3 15.hxg3 Nf7
16.Qb3 Bf5 17.Bd2 Qe7 18.Ra4 a6 19.Nbc3 Bd4 20.e3 Bg7 21.Qb6 Rac8 22.Rc1 c4
23.b3 Bxc3 24.Nxc3 Ne5 25.bxc4 Bd7 26.Ra2 Nf3+ 27.Bxf3 Rxf3 28.Ne2 Rcf8 29.Be1
Qf7 30.Nf4 g5 31.Nxh5 Qxh5 32.Bc3 Bg4 33.Qd4 R8f6 34.e4 Qh3 35.Rd2 R3f4 36.f3
Rxf3 37.Rg2 Kf7 38.Ba1 Rh6 39.Qg7+ Ke8 {#R} 0-1

[Event "Ch Oberbayern (team)"]
[Site "masterchessopen.com - Germany"]
[Round "8"]
[White "Guenther Thomas (GER)"]
[Black "Hohn August (GER)"]
[Result "1-0"]
[WhiteElo "2125"]
[BlackElo "2048"]

1.d4 Nf6 2.c4 c5 3.d5 e6 4.Nc3 exd5 5.cxd5 d6 6.g3 g6 7.Bg2 Bg7 8.Nf3 O-O
9.O-O Nbd7 10.e4 Re8 11.Nd2 Ne5 12.Qc2 a6 13.a4 Bd7 14.f4 Neg4 15.Nc4 Qc7
16.h3 b5 17.axb5 axb5 18.Rxa8 Rxa8 19.Nxd6 Qxd6 20.hxg4 Nxg4 21.e5 Qb6 22.Qe2
c4+ 23.Kh1 h5 24.Ne4 Ra1 25.Bf3 Bf5 26.Kg2 Bxe4 27.Bxe4 Qd4 28.Bf3 Bf8 29.Rd1
Qa7 30.d6 Qd7 31.Bd2 Rxd1 32.Qxd1 b4 33.Qe2 Qb5 34.b3 Qc5 35.Bxg4 c3 36.Be3
Qd5+ 37.Bf3 Qxb3 38.Be4 Qe6 39.Qd3 Qa2+ 40.Bf2 Qa5 41.Qc4 Qd8 42.Bxg6 {#r} 1-0

[Event "It (cat.10)"]
[Site "masterchessopen.com - Berlin (Germany)"]
[Round "1"]
[White "Kachiani-G Ketino (GER)"]
[Black "Velicka Petr (CZE)"]
[Result "1-0"]
[WhiteElo "2427"]
[BlackElo "2440"]

1.d4 Nf6 2.c4 e6 3.g3 c5 4.d5 exd5 5.cxd5 d6 6.Nc3 g6 7.Bg2 Bg7 8.Nf3 O-O
9.O-O Nbd7 10.Bf4 Qe7 11.h3 Nh5 12.Bg5 f6 13.Bd2 f5 14.Qc1 Rb8 15.a4 Ndf6
16.Ng5 h6 17.Ne6 Bxe6 18.dxe6 Kh7 19.a5 Qxe6 20.a6 Ne4 21.axb7 Rxb7 22.Ra6 Qc4
23.Ra4 Qb3 24.Nxe4 Bxb2 25.Nxc5 dxc5 26.Qxc5 Qxa4 27.Bxb7 Rf7 28.Bd5 Rg7
29.Qe3 f4 30.gxf4 Qd4 31.Qxd4 Bxd4 32.e3 Rd7 33.Be6 Rd6 34.f5 Bc5 35.Bc3 Ng7
36.fxg6+ Kxg6 37.Bg4 Nf5 38.Rd1 Rxd1+ 39.Bxd1 Nxe3 40.fxe3 Bxe3+ 41.Kg2 Bg5
42.Bc2+ Kf7 43.Kg3 Bf6 44.Ba5 h5 45.h4 Be5+ 46.Kh3 Kg7 47.Bd2 Bc7 48.Bg5 a5
49.Kg2 Be5 50.Kf3 Bc3 51.Kf4 Bd2+ 52.Kf5 Bc3 53.Bb3 Kh7 54.Be3 Bg7 55.Bb6 Bc3
56.Kg5 Kg7 57.Kxh5 Kh7 58.Kg5 Kg7 59.Kf5 Be1 60.Bd4+ Kh7 61.Kg5 Bd2+ 62.Kh5
Be1 63.Bc2+ Kg8 64.Kg6 {#r} 1-0

[Event "Moravian League 1999/00 (1st)"]
[Site "masterchessopen.com - Czech Republic"]
[Round "1"]
[White "Hudecek Jan (CZE)"]
[Black "Ramik Zdenek (CZE)"]
[Result "1-0"]
[WhiteElo "2287"]
[BlackElo "2304"]

1.d4 g6 2.g3 Bg7 3.Bg2 Nf6 4.c4 O-O 5.Nc3 c5 6.d5 d6 7.Nf3 e6 8.O-O exd5
9.cxd5 Nbd7 10.Nd2 Rb8 11.Nc4 Ne8 12.a4 Ne5 13.Na3 a6 14.f4 Ng4 15.Nc4 f5
16.e4 b5 17.axb5 axb5 18.Na5 Bd7 19.Nc6 Bxc6 20.dxc6 Bd4+ 21.Kh1 Nf2+ 22.Rxf2
Bxf2 23.exf5 gxf5 24.Ra7 Nc7 25.Nd5 Rf7 26.Bd2 b4 27.Qe2 Bd4 28.Qc4 Kg7
29.Bxb4 Rxb4 30.Nxb4 Qe8 31.Rxc7 Qe1+ 32.Qf1 Qxf1+ 33.Bxf1 Rxc7 34.Nd5 Rxc6
35.b3 h6 36.Kg2 Kf8 37.Bd3 Rc8 38.Bxf5 Rb8 39.Bc2 c4 40.b4 Ra8 41.Nc7 Rb8
42.Ne6+ Kf7 43.Nxd4 Rxb4 44.Kf3 d5 45.g4 Rb2 46.h4 Ra2 47.g5 h5 48.f5 Ra3+
49.Kf4 Rh3 50.Ke5 Rxh4 51.g6+ Ke8 52.f6 Rh2 53.Ba4+ Kd8 54.Ne6+ {#r} 1-0

[Event "It (cat.5)"]
[Site "masterchessopen.com - Hamburg (Germany)"]
[Round "5"]
[White "Bekker-Jensen David (DEN)"]
[Black "Velicka Petr (CZE)"]
[Result "0-1"]
[WhiteElo "2264"]
[BlackElo "2440"]

1.d4 Nf6 2.c4 c5 3.d5 e6 4.Nc3 exd5 5.cxd5 d6 6.g3 g6 7.Bg2 Bg7 8.Nf3 O-O
9.O-O Nbd7 10.Bf4 Qe7 11.e4 Ng4 12.Nd2 Nge5 13.Be3 f5 14.h3 Nf6 15.Qc2 fxe4
16.Ndxe4 Nxe4 17.Qxe4 Bf5 18.Qa4 a6 19.Qb3 b5 20.Bxc5 Nc4 21.Rfe1 Qd7 22.Be3
Bxh3 23.Bxh3 Qxh3 24.Ne4 h6 25.Bf4 Rae8 26.Nxd6 Rxe1+ 27.Rxe1 g5 28.Bxg5 Nxd6
29.Be7 Re8 30.Re6 Rc8 31.Re1 Qd7 32.Bxd6 Qxd6 33.Re6 Qc5 34.d6 Rf8 35.Re5+ Qc4
36.d7 {#R} 0-1

[Event "Ch Croatia (team) (1st league)"]
[Site "masterchessopen.com - Pula (Croatia)"]
[Round "1"]
[White "Feletar Darko (CRO)"]
[Black "Jovanic Ognjen (CRO)"]
[Result "1-0"]
[WhiteElo "2411"]
[BlackElo "2333"]

1.d4 Nf6 2.g3 c5 3.d5 e6 4.c4 exd5 5.cxd5 d6 6.Bg2 g6 7.Nf3 Bg7 8.O-O O-O
9.Nc3 Nbd7 10.Bf4 Ne8 11.e4 a6 12.a4 Rb8 13.Re1 b5 14.axb5 axb5 15.e5 dxe5
16.Nxe5 Nxe5 17.Bxe5 Bxe5 18.Rxe5 Nd6 19.Qf3 b4 20.Nd1 Nf5 21.Ne3 f6 22.Re4
Nd6 23.Rh4 Bd7 24.Ra6 Bb5 25.Ra7 Rf7 26.Rxf7 Nxf7 27.Bf1 Bxf1 28.Kxf1 Nd6
29.Nc4 Qe7 30.Na5 Re8 31.Nc6 Qe1+ 32.Kg2 Kg7 33.Qf4 Qe4+ 34.Qxe4 Nxe4 35.Rxe4
Rxe4 36.d6 Re2 37.d7 Rd2 38.d8=Q Rxd8 39.Nxd8 c4 40.Ne6+ Kf7 41.Nd4 {#r} 1-0

[Event "Verbandsliga Baden South 1999/00"]
[Site "masterchessopen.com - Germany"]
[Date "1999.09.26"]
[Round "1"]
[White "Waffenschmidt Joachim (GER)"]
[Black "Schwarz Michael (AUT)"]
[Result "0-1"]
[WhiteElo "2031"]
[BlackElo "2373"]

1.d4 Nf6 2.c4 e6 3.g3 c5 4.d5 exd5 5.cxd5 d6 6.Nc3 g6 7.Bg2 Bg7 8.Nf3 O-O
9.O-O Nbd7 10.Bf4 Qe7 11.Re1 a6 12.a4 Rb8 13.Rb1 Ng4 14.Qc2 Nge5 15.Nd2 b5
16.b4 c4 17.Nde4 h6 18.axb5 axb5 19.Bxe5 Nxe5 20.Nd2 Bf5 21.Be4 Bd7 22.Bg2 f5
23.Nf3 Nxf3+ 24.Bxf3 Qf6 25.Nd1 Ra8 26.Ne3 Ra3 27.Ng2 g5 28.e3 Rfa8 29.Rec1
Be8 30.h4 Bg6 31.hxg5 hxg5 32.Ne1 f4 33.Be4 Ra2 {#R} 0-1

[Event "Tournament (Elo)"]
[Site "masterchessopen.com - Budapest (Hungary)"]
[Round "6"]
[White "Zilahi Gabor (HUN)"]
[Black "Bordas Gyula (HUN)"]
[Result "1-0"]
[WhiteElo "2081"]
[BlackElo "2186"]

1.d4 c5 2.d5 e6 3.c4 exd5 4.cxd5 Nf6 5.Nc3 d6 6.g3 g6 7.Bg2 Bg7 8.Nf3 O-O
9.O-O Nbd7 10.e4 Re8 11.Nd2 Ne5 12.Qc2 g5 13.a4 h5 14.Ra3 h4 15.gxh4 gxh4
16.Ne2 Ng6 17.Nc4 Ng4 18.h3 N4e5 19.Nd2 b6 20.f4 Ba6 21.Rf2 Bxe2 22.fxe5 Bh5
23.Nc4 Nxe5 24.Ne3 c4 25.Bf1 Nf3+ 26.Kh1 Nd4 27.Qb1 Bf3+ 28.Bg2 Qd7 29.Rxf3
Nxf3 30.Nf5 Ne1 31.Bg5 Nxg2 32.Kxg2 Re5 33.Bxh4 Rae8 34.Rg3 Rxf5 35.exf5 Kf8
36.f6 Re2+ 37.Kf1 Bxf6 38.Bxf6 Rh2 39.Qe4 Rxh3 {#r} 1-0

[Event "It (open)"]
[Site "masterchessopen.com - Cutro (Italy)"]
[Round "9"]
[White "Gleizerov Evgeny (RUS)"]
[Black "Martorelli Antonio (ITA)"]
[Result "1-0"]
[WhiteElo "2557"]
[BlackElo "2272"]

1.d4 Nf6 2.c4 e6 3.g3 c5 4.d5 exd5 5.cxd5 d6 6.Nc3 g6 7.Bg2 Bg7 8.Nf3 O-O
9.O-O Nbd7 10.Bf4 Qe7 11.h3 a6 12.a4 Nh5 13.Bg5 f6 14.Bd2 f5 15.Qc1 Ne5 16.Ng5
Nc4 17.Ne6 Nxd2 18.Qxd2 Bd7 19.Nxf8 Rxf8 20.e3 b5 21.axb5 axb5 22.Ra7 Qd8
23.Rfa1 b4 24.Ne2 g5 25.Rb7 Bc8 26.Rb8 Nf6 27.Ra7 Nd7 28.Rb5 Kh8 29.b3 Ne5
30.Ra8 Nd7 31.Qa2 Qe8 32.Qa7 Qd8 33.Rb7 Rf7 34.Rc7 {#r} 1-0

[Event "It (cat.3)"]
[Site "masterchessopen.com - Monaco"]
[Round "7"]
[White "Govciyan Pavel (FRA)"]
[Black "Efimov Igor (MNC)"]
[Result "0-1"]
[WhiteElo "2175"]
[BlackElo "2520"]

1.d4 Nf6 2.c4 e6 3.g3 c5 4.d5 exd5 5.cxd5 d6 6.Bg2 g6 7.Nc3 Bg7 8.Nf3 O-O
9.O-O Nbd7 10.e4 b5 11.Re1 b4 12.Nb1 Re8 13.Qc2 Ba6 14.Bf4 Nxe4 15.Nbd2 Nxd2
16.Nxd2 Ne5 17.Bf1 Bxf1 18.Kxf1 Qd7 19.Bxe5 Bxe5 20.Nc4 Bd4 21.Re2 Rxe2
22.Qxe2 Re8 23.Qf3 a5 24.Rd1 a4 25.Kg2 h5 26.h3 Qe7 27.Qf4 Bxf2 {#R} 0-1

[Event "Ch Croatia"]
[Site "masterchessopen.com - Pula (Croatia)"]
[Round "8"]
[White "Golubovic Boris (CRO)"]
[Black "Novak Danijel (CRO)"]
[Result "1-0"]
[WhiteElo "2466"]
[BlackElo "2369"]

1.d4 Nf6 2.g3 c5 3.d5 e6 4.c4 exd5 5.cxd5 d6 6.Bg2 g6 7.Nf3 Bg7 8.O-O O-O
9.Nc3 Nbd7 10.h3 a6 11.a4 Rb8 12.Bf4 Nb6 13.e4 Re8 14.Nd2 Nh5 15.Be3 Bd7
16.Kh2 Nc8 17.a5 Bb5 18.Re1 b6 19.Qc2 bxa5 20.f4 Nb6 21.Bf2 Nc4 22.Rad1 Qb6
23.e5 dxe5 24.f5 Nxd2 25.Rxd2 Bd7 26.fxg6 hxg6 27.d6 e4 28.Rxe4 Rxe4 29.Nxe4
Qxb2 30.Qxc5 Qb5 31.Qa7 Be5 32.Nc5 Nf6 33.Nxd7 Nxd7 34.Rd5 Qe2 35.Rxe5 Qxe5
36.Qxd7 Rb2 37.Qe7 Qxe7 38.dxe7 Re2 {#r} 1-0

[Event "Ch Poland (team)"]
[Site "masterchessopen.com - Zakopane (Poland)"]
[Round "3"]
[White "Grabarczyk Miroslaw (POL)"]
[Black "Urban Klaudiusz (POL)"]
[Result "1-0"]
[WhiteElo "2495"]
[BlackElo "2472"]

1.d4 g6 2.c4 Bg7 3.g3 c5 4.d5 d6 5.Bg2 Nf6 6.Nc3 O-O 7.Nf3 e6 8.O-O exd5
9.cxd5 Nbd7 10.Nd2 Nh5 11.Qc2 f5 12.e3 Qe7 13.a4 a6 14.Nc4 Rb8 15.Rb1 Ne5
16.Nb6 Qc7 17.a5 Nf6 18.Bd2 Ned7 19.Nca4 Nxb6 20.Nxb6 Nd7 21.Na4 Ne5 22.Nb6
Nd7 23.Nc4 Ne5 24.Nxe5 Bxe5 25.b4 Bd7 26.bxc5 Qxc5 27.Qa2 b5 28.Bb4 Qa7 29.Qa3
Rbc8 30.Rfc1 Rc4 31.Rxc4 bxc4 32.Bxd6 Bxd6 33.Qxd6 Bb5 34.Rc1 Qg7 35.Qe6+ Kh8
36.d6 Qf6 37.Qd5 Rd8 38.Rd1 c3 39.Qc5 Be2 40.Rd4 {#r} 1-0

[Event "It (open)"]
[Site "masterchessopen.com - Bad Zwesten (Germany)"]
[Round "2"]
[White "Schenk Uwe Dr (GER)"]
[Black "Kveinys Aloyzas (LTU)"]
[Result "0-1"]
[WhiteElo "2137"]
[BlackElo "2547"]

1.d4 Nf6 2.c4 e6 3.g3 c5 4.d5 exd5 5.cxd5 d6 6.Nc3 g6 7.Bg2 Bg7 8.Nf3 O-O
9.O-O Nbd7 10.Nd2 Nh5 11.e4 Ne5 12.Qe2 Re8 13.f4 Ng4 14.Nc4 f5 15.Bf3 Bd4+
16.Kg2 Nhf6 17.h3 h5 18.hxg4 hxg4 19.e5 gxf3+ 20.Qxf3 dxe5 21.fxe5 Bxc3
22.bxc3 Qxd5 23.Qxd5+ Nxd5 24.Bf4 Bd7 25.Nd6 Re7 26.c4 Nc7 27.Kf2 Bc6 28.Rab1
Ne6 29.Rb2 Rh7 30.Ke1 b6 31.Rff2 Nd4 32.Kd2 Rh3 33.Kc1 Rh1+ 34.Kd2 Kg7 35.Kc3
Rah8 36.Rbd2 Re1 37.Rh2 Rxh2 38.Rxh2 Nf3 39.Rh3 Nxe5 40.Kd2 Nf3+ 41.Kc3 Re2
42.a3 Ba4 43.Rh1 g5 44.Bc1 Kg6 45.Nc8 Rc2+ 46.Kd3 Ne5+ {#R} 0-1

[Event "Ch France (team) (2) 2001/02"]
[Site "masterchessopen.com - France"]
[Round "2"]
[White "Gregoire Sylvain (FRA)"]
[Black "Garrido Denis (FRA)"]
[Result "0-1"]
[WhiteElo "2179"]
[BlackElo "2228"]

1.d4 Nf6 2.c4 c5 3.d5 d6 4.Nc3 g6 5.Nf3 Bg7 6.g3 O-O 7.Bg2 e6 8.O-O exd5
9.cxd5 Nbd7 10.Bf4 Qe7 11.Re1 a6 12.a4 h6 13.e4 Ng4 14.Nd2 Nge5 15.Qe2 g5
16.Be3 g4 17.Bf4 h5 18.Nf1 Ng6 19.Ne3 Nde5 20.Nf5 Qf6 21.Nxg7 Qxg7 22.Nd1 Bd7
23.Qd2 Nxf4 24.gxf4 Nf3+ {#R} 0-1

[Event "Ch Hamburg (open)"]
[Site "masterchessopen.com - Hamburg (Germany)"]
[Round "6"]
[White "Meier David-Geffrey (GER)"]
[Black "Kopylov Mihail (UKR)"]
[Result "0-1"]
[WhiteElo "2108"]
[BlackElo "2438"]

1.d4 Nf6 2.c4 c5 3.d5 e6 4.Nc3 exd5 5.cxd5 g6 6.Nf3 Bg7 7.g3 O-O 8.Bg2 d6
9.O-O Nbd7 10.h3 b6 11.a4 Nh5 12.Nd2 f5 13.Nc4 Ne5 14.Nxe5 Bxe5 15.Ra3 f4
16.Ne4 Qe7 17.g4 Nf6 18.Ng5 h5 19.e3 fxe3 20.Bxe3 hxg4 21.Ne6 Bxe6 22.dxe6
Qxe6 23.Bg5 Rae8 24.Bxf6 Qxf6 25.Qxg4 Bxb2 26.Rg3 Be5 27.Qc4+ Kg7 28.Rg4 Bd4
29.Be4 Rxe4 30.Rxe4 Bxf2+ 31.Kh2 Rf7 32.Rg4 d5 33.Qe2 Bg3+ 34.Kg2 Qxf1+
35.Qxf1 Rxf1 36.Kxf1 Be5 37.Rg5 Kf6 38.Rg4 c4 39.Ke2 d4 40.Kf3 Kf5 41.Rg2 c3
42.Ke2 Ke4 43.Rg4+ Bf4 {#R} 0-1

[Event "It (open) \"]
[Site "masterchessopen.com - High Tatras (Slovakia)"]
[Round "8"]
[White "Pinc Miroslav (CZE)"]
[Black "Sikora-Lerch Jan (CZE)"]
[Result "0-1"]
[WhiteElo "2156"]
[BlackElo "2324"]

1.d4 c5 2.d5 Nf6 3.c4 e6 4.Nc3 exd5 5.cxd5 d6 6.Nf3 g6 7.g3 Bg7 8.Bg2 O-O
9.O-O Nbd7 10.a4 a6 11.Qb3 Rb8 12.Nd2 b5 13.axb5 axb5 14.Nde4 b4 15.Nxf6+ Nxf6
16.Ne4 Nxe4 17.Bxe4 Re8 18.Bf3 Bd7 19.Be3 Qf6 20.Ra2 g5 21.Rd1 g4 22.Bg2 Rec8
23.Qc4 h5 24.Rd2 Bb5 25.Qc1 c4 26.Bd4 Qg5 27.Bxg7 Kxg7 28.e3 c3 29.bxc3 Rxc3
30.Qb2 Qf6 31.Ra1 b3 32.Be4 Rbc8 33.Rad1 Bd7 34.Qb1 Qe5 35.Rd4 Qf6 36.R4d2
R3c4 37.Bd3 Rb4 38.Qb2 Qxb2 39.Rxb2 Rc5 40.Bb1 Kf6 41.Kf1 Bb5+ 42.Ke1 Ke5
43.e4 Rc3 44.Kd2 Rf3 45.Ke1 Rd4 46.Rbd2 Rc4 47.Re2 Rcc3 48.Rb2 Bd3 49.Rbd2
Bxb1 50.Rxb1 Kxe4 51.Ra1 Rc5 52.Ra4+ Ke5 53.Ra7 {#R} 0-1

[Event "It (for the Blind)"]
[Site "masterchessopen.com - Linares (Spain)"]
[Round "3"]
[White "Devos Piet (BEL)"]
[Black "Smirnov Sergei (RUS)"]
[Result "0-1"]
[WhiteElo "2271"]
[BlackElo "2286"]

1.d4 Nf6 2.c4 c5 3.d5 g6 4.Nc3 Bg7 5.g3 d6 6.Bg2 O-O 7.Nf3 e6 8.O-O exd5
9.cxd5 Nbd7 10.Nd2 Re8 11.Nc4 Nb6 12.Ne3 Bd7 13.a4 Rb8 14.h3 Qe7 15.Bd2 Nh5
16.Kh2 f5 17.f4 Bd4 18.Rf3 Nf6 19.a5 Nc8 20.Nc4 b5 21.axb6 axb6 22.e3 Bxc3
23.Bxc3 Ne4 24.Qb3 b5 25.Na5 b4 26.Be1 Qf7 27.Bf1 Ra8 28.Qd1 Nb6 29.b3 Qf6
30.Bd3 Ra7 31.Bxe4 fxe4 32.Rf2 Rea8 33.Rfa2 Qf5 {#R} 0-1

[Event "Cup Balkan"]
[Site "masterchessopen.com - Salonika (Greece)"]
[Round "7"]
[White "Miladinovic Igor (SRB)"]
[Black "Oreopoulos Konstantinos (GRE)"]
[Result "1-0"]
[WhiteElo "2495"]
[BlackElo "2260"]

1.d4 Nf6 2.c4 c5 3.d5 e6 4.Nc3 exd5 5.cxd5 d6 6.g3 g6 7.Bg2 Bg7 8.Nf3 O-O
9.O-O Nbd7 10.Nd2 Rb8 11.a4 a6 12.Nc4 Nb6 13.Nxd6 Bg4 14.a5 Na8 15.Nc4 Qd7
16.Ne5 {#r} 1-0

[Event "Memorial Em.Lasker (open)"]
[Site "masterchessopen.com - Barlinek (Poland)"]
[Round "1"]
[White "Akvist Hakan (SWE)"]
[Black "Zubarev Alexander (UKR)"]
[Result "0-1"]
[WhiteElo "2276"]
[BlackElo "2501"]

1.d4 Nf6 2.c4 e6 3.Nc3 c5 4.d5 exd5 5.cxd5 d6 6.Nf3 g6 7.g3 Bg7 8.Bg2 O-O
9.O-O Nbd7 10.e4 Re8 11.Re1 a6 12.a4 Ng4 13.Ng5 Nde5 14.h3 h6 15.Nf3 Nxf3+
16.Qxf3 Ne5 17.Qd1 Bd7 18.Bf1 g5 19.Kh2 Kh7 20.f4 gxf4 21.gxf4 Qh4 22.fxe5
Bxe5+ 23.Kg1 Rg8+ 24.Bg2 Rxg2+ 25.Kxg2 Rg8+ {#R} 0-1

[Event "Moravian League 2002/03 (2nd) (c)"]
[Site "masterchessopen.com - Czech Republic"]
[Round "4"]
[White "Symersky Petr (CZE)"]
[Black "Makovicka Martin (CZE)"]
[Result "1-0"]
[WhiteElo "2159"]
[BlackElo "2029"]

1.Nf3 Nf6 2.d4 c5 3.d5 e6 4.c4 exd5 5.cxd5 d6 6.Nc3 g6 7.g3 Bg7 8.Bg2 O-O
9.O-O Nbd7 10.h3 a6 11.a4 b5 12.axb5 Nb6 13.Re1 Re8 14.e4 axb5 15.Rxa8 Nxa8
16.Nxb5 Rxe4 17.Bf4 Rxe1+ 18.Nxe1 Ne8 19.Qa4 Nb6 20.Qa2 Qe7 21.Be3 Be5 22.b4
Bxg3 23.bxc5 dxc5 24.Nd3 Bd6 25.Nxd6 Nxd6 26.Bxc5 Qc7 27.Be3 Nbc4 28.Bf4 Bf5
29.Ne5 Nxe5 30.Bxe5 Qe7 31.Qa8+ Qe8 32.Qa1 Qf8 33.Qa6 Ne8 34.d6 f6 35.Bd5+ Kg7
36.Bg3 Kh8 {#r} 1-0

[Event "Moravian League 2002/03 (2nd) (c)"]
[Site "masterchessopen.com - Czech Republic"]
[Round "2"]
[White "Symersky Petr (CZE)"]
[Black "Opravil Karel (CZE)"]
[Result "0-1"]
[WhiteElo "2159"]
[BlackElo "2134"]

1.d4 Nf6 2.Nf3 c5 3.d5 e6 4.c4 exd5 5.cxd5 d6 6.Nc3 g6 7.g3 Bg7 8.Bg2 O-O
9.O-O Nbd7 10.h3 Rb8 11.a4 a6 12.a5 Ne8 13.Nd2 f5 14.Nc4 Ndf6 15.Nb6 Bd7
16.Qd3 Nc7 17.Bd2 Bb5 18.Nc4 Bxc4 19.Qxc4 b5 20.axb6 Rxb6 21.Na4 Rb5 22.Bc3 a5
23.f3 Re8 24.e4 fxe4 25.fxe4 Nd7 26.Rf2 Be5 27.Bxe5 Nxe5 28.Qf1 Qb8 29.Rf6 Rd8
30.h4 Rb3 31.Qf4 Nb5 32.Rf1 Nd4 33.Rf2 Qc8 34.Nxc5 Nef3+ 35.Bxf3 Rxf3 36.Rxf3
Ne2+ {#R} 0-1

[Event "Ch Region"]
[Site "masterchessopen.com - Tula (Russia)"]
[Round "8"]
[White "Shishkin Pavel (RUS)"]
[Black "Manaenkov Vladimir (RUS)"]
[Result "0-1"]
[WhiteElo "2199"]
[BlackElo "2216"]

1.d4 Nf6 2.c4 c5 3.d5 e6 4.g3 exd5 5.cxd5 d6 6.Bg2 g6 7.Nc3 Bg7 8.Nf3 O-O
9.O-O Nbd7 10.Bf4 Qe7 11.Rc1 Ng4 12.Qd2 Re8 13.Nb5 Nde5 14.Nxe5 Nxe5 15.Bg5 f6
16.Bh6 Bh8 17.e4 a6 18.Nc3 b5 19.b3 Bd7 20.h3 Bxh3 21.Be3 Bd7 22.Ne2 b4
23.Rfd1 g5 24.f4 Ng4 25.fxg5 f5 26.g6 hxg6 27.Bg5 Bf6 28.Bxf6 Qxf6 29.Rf1 Qh8
30.Rf4 Bb5 31.Rc4 Bxc4 32.bxc4 Ra7 33.exf5 Qh2+ 34.Kf1 Ne3+ 35.Qxe3 Rxe3
36.Rh4 Qxg2+ 37.Kxg2 Rxe2+ 38.Kf3 Rxa2 39.fxg6 b3 {#R} 0-1

[Event "Moravian League 2002/03 (2nd) (b)"]
[Site "masterchessopen.com - Czech Republic"]
[Round "8"]
[White "Cerveny Martin (CZE)"]
[Black "Riska Lubomir (CZE)"]
[Result "0-1"]
[WhiteElo "2135"]
[BlackElo "2207"]

1.d4 Nf6 2.c4 c5 3.d5 e6 4.Nc3 exd5 5.cxd5 d6 6.g3 g6 7.Bg2 Bg7 8.Nf3 O-O
9.O-O Nbd7 10.Nd2 a6 11.a4 Rb8 12.a5 b5 13.axb6 Nxb6 14.e4 Ng4 15.h3 Ne5
16.Qe2 c4 17.Nf3 Nxf3+ 18.Qxf3 Nd7 19.Qe2 Ne5 20.Be3 Nd3 21.Rfb1 f5 22.Qc2 f4
23.Bxf4 Nxf4 24.gxf4 Rxf4 25.Ne2 Rh4 26.Ra3 c3 27.bxc3 Rxb1+ 28.Qxb1 Bxh3
29.c4 Bxg2 30.Kxg2 Be5 31.Ng3 Qc8 32.Rf3 Kg7 33.Kg1 Bf4 34.Qb2+ Be5 35.Qb6 Rf4
36.Qa7+ Kg8 37.Rb3 Rf7 38.Qb8 Rf8 39.Qxc8 Rxc8 40.Rb4 Rc7 41.Kg2 a5 42.Ra4 Bc3
43.Nf1 Re7 44.f3 Rb7 45.Kg3 Kf7 46.Ne3 Rb3 47.Nc2 Rb2 48.Ne3 Be1+ 49.Kh3 Rf2
50.Nd1 Rxf3+ 51.Kg2 Rd3 52.Ra1 Rd4 53.Kf3 Bd2 54.Ne3 h5 55.Ke2 Bb4 56.Rf1+ Ke7
57.Kf3 Bd2 58.Ra1 Kf6 59.Nf1 Bb4 60.Rc1 Ke5 61.Ne3 Bd2 62.Rg1 Bxe3 63.Rxg6
Rxc4 64.Re6+ Kd4 65.Rxd6 Rc3 66.Ra6 Bg5+ 67.Kf2 Rc5 68.Kf3 Rc3+ 69.Kf2 Ra3
70.d6 Kxe4 71.d7 h4 72.Kg2 h3+ 73.Kg1 Bd8 74.Ra8 Bb6+ 75.Kh1 Rd3 76.Ra6 Bd8
77.Re6+ Kf5 {#R} 0-1

[Event "It (open) \"]
[Site "masterchessopen.com - Gausdal (Norway)"]
[Round "3"]
[White "Shumiakina Tatiana (RUS)"]
[Black "Womacka Mathias (GER)"]
[Result "0-1"]
[WhiteElo "2324"]
[BlackElo "2445"]

1.d4 Nf6 2.c4 e6 3.Nf3 c5 4.d5 exd5 5.cxd5 d6 6.Nc3 g6 7.g3 Bg7 8.Bg2 O-O
9.O-O Nbd7 10.Bf4 Qe7 11.h3 a6 12.a4 Rb8 13.e4 b5 14.axb5 axb5 15.Re1 Nh5
16.Bg5 Bf6 17.Bxf6 Qxf6 18.Qd2 Re8 19.Ra7 Qd8 20.g4 Nhf6 21.Qf4 Qb6 22.Raa1
Kg7 23.Qg3 Ne5 24.Nxe5 dxe5 25.Bf1 c4 26.b4 cxb3 27.Nxb5 Bd7 28.Nc3 Qb4
29.Rab1 b2 30.Qe3 Rec8 31.Nd1 Rc2 32.Bd3 Rd2 33.Re2 Rxd3 34.Qxd3 Bb5 35.Qd2
Bxe2 36.Qxe2 Qd4 37.Rxb2 Rxb2 38.Nxb2 Nxe4 39.Qe3 Qxd5 40.Nd3 f6 41.Qa7+ Kh6
42.Qe3+ g5 43.f3 Nc3 44.h4 Qd4 45.hxg5+ fxg5 46.Qxd4 exd4 47.Kf2 Kg7 48.Ne5
Kf6 49.Nc6 Nb5 50.Ke2 Ke6 51.Kd3 Kd5 52.Ne7+ Ke5 53.Nc6+ Kf4 54.Ke2 d3+
55.Kxd3 Kxf3 56.Ne5+ Kf4 57.Nd7 Nd6 58.Kd4 Ne8 59.Ne5 Nf6 60.Nd3+ Kxg4 61.Ke5
Ng8 62.Nf2+ Kf3 63.Ne4 h6 64.Nd2+ Kg4 65.Ne4 h5 66.Nf2+ Kf3 67.Ne4 g4 68.Nd2+
Ke3 69.Nc4+ Kf2 70.Kf4 g3 71.Nd2 g2 {#R} 0-1

[Event "It (open)"]
[Site "masterchessopen.com - Olomouc (Czech Republic)"]
[Round "5"]
[White "Beil Martin (CZE)"]
[Black "Sikora-Lerch Jan (CZE)"]
[Result "0-1"]
[WhiteElo "2199"]
[BlackElo "2316"]

1.d4 c5 2.d5 Nf6 3.c4 e6 4.Nc3 exd5 5.cxd5 d6 6.g3 g6 7.Bg2 Bg7 8.Nf3 O-O
9.O-O Nbd7 10.Nd2 Rb8 11.Nc4 Ne5 12.Nxe5 dxe5 13.a4 Ne8 14.e4 Nd6 15.Qe2 Bd7
16.Be3 Rc8 17.Rfc1 f5 18.f3 h5 19.Nb5 Bxb5 20.axb5 Qb6 21.b4 Qxb5 22.Qxb5 Nxb5
23.Bxc5 Rfd8 24.Bf1 Nd4 25.Bxd4 exd4 26.Rxc8 Rxc8 27.Re1 fxe4 28.fxe4 Be5
29.Bh3 Rc2 30.b5 Rb2 31.Bf1 Kf8 32.Re2 Rb1 33.Rd2 Ke7 34.Kg2 Ra1 35.Bc4 Kd6
36.Kf3 Ra3+ 37.Bd3 Ra1 38.Rc2 g5 39.Rc8 Ra2 40.Rc2 Ra3 41.Ke2 h4 42.gxh4 gxh4
43.h3 Ra1 44.Kf3 Rd1 45.Be2 Rg1 46.Kf2 Rg3 47.Bg4 d3 48.Rc4 d2 49.Ke2 Rxg4
50.hxg4 h3 51.b6 h2 {#R} 0-1